00343nam a2200133Ia 4500008004100000024001500041082001800056100001900074245001400093260002600107600002100133650003800154999001700192260210s9999 xx 000 0 und d a11B-023-BS a005.12072 SYE aSyed Mubin Ali 0aE-Banking aKarachi:bUITU,c2012 aComputer Science aBachelor of Computer Science (BS) c32384d32384